Jubilujúci Slovkoncert

Bibliographic Details
Main Author: Čížek, Lubomír, 1932-2019 (Author)
Format: Article
Language:Slovak
Subjects:

MARC

LEADER 00000nab a2200000 ar4500
001 vtls009349331
003 SK-MaSNL
005 20260305003813.0
008 081017c1974 xo |r|p|||||||000 b|slo
015 |a SNBRB1974 
038 |a SNKBUCL 
040 |a SNKBUCL  |b slo  |c SNKBUCL  |e AACR2 
041 |a slo 
044 |a xo  |c SK 
080 |a 78.071.2:061.2(437.6)  |2 1997 
100 1 |a Čížek, Lubomír,  |d 1932-2019  |4 aut  |9 263084 
245 1 0 |a Jubilujúci Slovkoncert  |c Ľubomír Čížek 
610 2 7 |a Slovkoncert - umelecká agentúra  |2 snkbucl  |9 63089 
773 0 |t Sloboda  |g Roč. 29, č. 3 (1974), s. 4 
852 |a SNK  |b KIS3GCP 
958 |a SK 
999 |c 3232413  |d 3234343